|
|
|
|
| LEADER |
00000nab a2200000 a 4500 |
| 001 |
vtls000532146 |
| 003 |
SK-MaSNL |
| 005 |
20260303231612.0 |
| 008 |
140507c1994 xo 0 slo |
| 015 |
|
|
|a SNBRB19rr/mm-uuuuu
|
| 035 |
|
|
|a CL0532284
|
| 040 |
|
|
|a SNKBUCL
|b slo
|c SNKBUCL
|e AACR2
|
| 041 |
0 |
|
|a slo
|
| 044 |
|
|
|a xo
|c SK
|
| 080 |
|
|
|a 82.09:885.4-3(048)
|2 1981
|
| 080 |
|
|
|a 885.4-3(048)
|2 1981
|
| 100 |
1 |
|
|a Darovec, Peter,
|d 1970-
|4 aut
|9 228274
|
| 245 |
1 |
0 |
|a Vtip a hra, nástup do služby!
|c Peter Darovec
|
| 650 |
0 |
7 |
|a slovenské poviedky
|2 snkbucl
|9 111049
|
| 650 |
0 |
7 |
|a humoresky
|2 snkbucl
|9 73390
|
| 650 |
0 |
7 |
|a apokryfy
|2 snkbucl
|9 49868
|
| 655 |
|
7 |
|a články z novín a časopisov
|2 snkbucl
|9 267496
|
| 655 |
|
7 |
|a články z odboru literárna veda a krásna literatúra
|2 snkbucl
|9 770045
|
| 655 |
|
7 |
|a recenzie
|2 snkbucl
|9 21907
|
| 773 |
0 |
|
|t Kultúrny život
|g Roč. 28, č. 3 (1994), s. 8
|
| 787 |
0 |
8 |
|i Rec.:
|a Karvaš, Peter
|t Bolo to celkom ináč
|d Bratislava : Slovenský spisovateľ, 1994
|
| 850 |
|
|
|a Slovenská národná knižnica
|
| 852 |
|
|
|a Slovenská národná knižnica
|
| 958 |
|
|
|a RK
|
| 958 |
|
|
|a LX
|
| 992 |
|
|
|a RBX
|
| 999 |
|
|
|c 2267620
|d 2269550
|